000 01574nam a2200229Ia 4500
003 Ost
005 20260507075638.0
008 260507s9999||||xx |||||||||||||| ||und||
020 _a9987111922
040 _cfsecg
041 _aara
082 _a301.11
100 _aالبكري، ثامر ياسر
_eمؤلف
245 0 _aالتسويق والمسؤولية الاجتماعية /
_c ثامر ياسر البكري
260 _aعمان:
_bدار وائل للنشر,
_c2001
300 _a168 صفحة؛
_c24 سم
504 _aالمراجع ص.159
520 _aالبعد التاريخي لمسؤولية الاجتماعية و تعريفها و مفهومها و تناول المسؤولية الاجتماعية بين التأييد و المعارضة و التطرق الى تأثيرات البيئة على منظمات الاعمال في تطبيق المسؤولية الاجتماعية و كذا إستراتيجية العلاقة بين التأثيرات القانونية و المسؤولية الاجتماعية و التخطيط للمسؤولية الاجتماعية باعتماد الشكاوى و المشكلات المرتبطة بالمجتمع و كذا المفهوم الاجتماعي للتسويق و المسؤولية الاجتماعية و حماية المستهلك و حقوقه و اخلاقيات التسويق و اخيرا الدراسات السابقة في المسؤولية الاجتماعية.
653 _aالتسويق
653 _aالمسؤولية الاجتماعية
942 _cكتاب
999 _c45351
_d45351